Cidades dos times de futebol da Série D 2025! - Statistics

Estatísticas Gerais
  • Esse quiz foi jogado 104 vezes
  • A pontuação média é 51 de 64
Estatísticas das Respostas
TIME CIDADE % Correto
Manauara-AM Manaus
95%
Manaus-AM Manaus
95%
Independência-AC Rio Branco
95%
Portuguesa-SP São Paulo
95%
Goiânia-GO Goiânia
94%
Porto Velho-RO Porto Velho
94%
Maranhão-MA São Luis
94%
Sampaio Corrêa-MA São Luis
94%
GAS-RR Boa Vista
93%
Cascavel-PR Cascavel
93%
Águia de Marabá-PA Marabá
93%
Uberlândia-MG Uberlândia
93%
Inter de Limeira-SP Limeira
92%
Nova Iguaçu-RJ Nova Iguaçu
92%
Ferroviário-CE Fortaleza
91%
Iguatu-CE Iguatu
91%
Joinville-SC Joinville
91%
América-RN Natal
91%
Santa Cruz-RN Natal
91%
Aparecidense-GO Aparecida de Goiânia
90%
Juazeirense-BA Juazeiro
90%
Brasil de Pelotas-RS Pelotas
90%
Imperatriz-MA Imperatriz
89%
Maricá-RJ Maricá
89%
Santa Cruz-PE Recife
89%
Rio Branco-ES Vitória
89%
Porto Vitória-ES Vitória
89%
Sergipe-SE Aracaju
88%
Guarany de Bagé-RS Bagé
88%
Cianorte-PR Cianorte
88%
Ceilândia-DF Ceilândia
86%
Horizonte-CE Horizonte
86%
Jequié-BA Jequié
86%
Trem-AP Macapá
86%
Pouso Alegre-MG Pouso Alegre
86%
União Rondonópolis-MT Rondonópolis
86%
Altos-PI Altos
85%
Goiatuba-GO Goiatuba
85%
Itabirito-MG Itabirito
85%
Sousa-PB Sousa
85%
Operário-MS Campo Grande
84%
Goianésia-GO Goianésia
84%
Lagarto-SE Lagarto
83%
São José-RS Porto Alegre
83%
Tocantinópolis-TO Tocantinópolis
83%
ASA-AL Arapiraca
81%
Tuna Luso Belém
77%
Treze-PB Campina Grande
72%
Penedense-AL Penedo
69%
Água Santa-SP Diadema
66%
Parnahyba-PI Parnaíba
66%
Central-PE Caruaru
65%
Barcelona-BA Ilheus
58%
Luverdense-MT Lucas do Rio Verde
58%
São Luiz-RS Ijuí
57%
Barra-SC Balneário Camboriú
55%
Boavista-RJ Saquarema
55%
Azuriz-PR Pato Branco
45%
Marcílio Dias-SC Itajaí
44%
Maracanã-CE Maracanaú
43%
Monte Azul-SP Monte Azul Paulista
42%
União-TO Araguaína
38%
Humaitá-AC Porto Acre
28%
Capital-DF Paranoá
24%
Nenhum quiz correspondente encontrado
Distribuição das Pontuações
Porcentagem de Pessoas com Cada Pontuação
Percentil de Números Respondidos
Sua Pontuação Histórica
Você não jogou esse quiz